Mastering maya 7 / (Record no. 187721)
[ view plain ]
| 000 -LEADER | |
|---|---|
| fixed length control field | 00779nam a2200277Ia 4500 |
| 003 - CONTROL NUMBER IDENTIFIER | |
| control field | OSt |
| 005 - DATE AND TIME OF LATEST TRANSACTION | |
| control field | 20260114135224.0 |
| 008 - FIXED-LENGTH DATA ELEMENTS--GENERAL INFORMATION | |
| fixed length control field | 210716s2006 xx 000 0 und d |
| 020 ## - INTERNATIONAL STANDARD BOOK NUMBER | |
| International Standard Book Number | 9788126507888 |
| 040 ## - CATALOGING SOURCE | |
| Transcribing agency | AIMIT LIBRARY |
| 041 ## - LANGUAGE CODE | |
| Language code of text/sound track or separate title | eng |
| 082 ## - DEWEY DECIMAL CLASSIFICATION NUMBER | |
| Classification number | 621.3991 |
| Item number | KUNJ |
| 100 ## - MAIN ENTRY--PERSONAL NAME | |
| Personal name | Kundert-Gibbs, John. |
| 9 (RLIN) | 251221 |
| 245 ## - TITLE STATEMENT | |
| Title | Mastering maya 7 / |
| Statement of responsibility, etc. | By John Kundert-Gibbs ...[et.al.] |
| 250 ## - EDITION STATEMENT | |
| Edition statement | 1 |
| 260 ## - PUBLICATION, DISTRIBUTION, ETC. | |
| Place of publication, distribution, etc. | New Delhi |
| Name of publisher, distributor, etc. | Wiley India |
| Date of publication, distribution, etc. | 2006 |
| 300 ## - PHYSICAL DESCRIPTION | |
| Extent | xxix,833 |
| 650 ## - SUBJECT ADDED ENTRY--TOPICAL TERM | |
| Topical term or geographic name entry element | None |
| 9 (RLIN) | 251222 |
| 700 ## - ADDED ENTRY--PERSONAL NAME | |
| Personal name | Kunzendorf, Eric. |
| 9 (RLIN) | 251223 |
| 700 ## - ADDED ENTRY--PERSONAL NAME | |
| Personal name | Derakhshani,Dariush. |
| 9 (RLIN) | 251224 |
| 700 ## - ADDED ENTRY--PERSONAL NAME | |
| Personal name | Larkins, Mick. |
| 9 (RLIN) | 251225 |
| 700 ## - ADDED ENTRY--PERSONAL NAME | |
| Personal name | Keller, Eric. |
| 9 (RLIN) | 251226 |
| 700 ## - ADDED ENTRY--PERSONAL NAME | |
| Personal name | Livny, Boaz. |
| 9 (RLIN) | 251227 |
| 700 ## - ADDED ENTRY--PERSONAL NAME | |
| Personal name | Souza, Mark De. |
| 9 (RLIN) | 251228 |
| 942 ## - ADDED ENTRY ELEMENTS (KOHA) | |
| Source of classification or shelving scheme | Dewey Decimal Classification |
| Koha item type | Book |
| Call number prefix | 621.3991 KUNJ |
| Withdrawn status | Lost status | Damaged status | Not for loan | Collection code | Home library | Current library | Source of acquisition | Cost, normal purchase price | Total Checkouts | Full call number | Barcode | Date last seen | Cost, replacement price | Price effective from | Koha item type |
|---|---|---|---|---|---|---|---|---|---|---|---|---|---|---|---|
| MCA | St Aloysius Institute of Management & Information Technology | St Aloysius Institute of Management & Information Technology | Higginbothams Pvt Ltd | 549.00 | 621.3991 KUNJ | MCA07229 | 07/21/2025 | 439.20 | 07/16/2021 | Book |